Môžeme ovplyvniť proces starnutia obyvateľstva na Slovensku?

Možný vývoj vekového zloženia obyvateľstva do roku 2060 v závislosti od rôznych scenárov reprodukčného správania obyvateľstva.

Na minha lista:
Detalhes bibliográficos
Autor principal: Vaňo, Boris
Formato: Capítulo de Livro
Idioma:eslovaco
Assuntos:
Tags: Adicionar Tag
Sem tags, seja o primeiro a adicionar uma tag!

MARC

LEADER 00000naa a2200000 4500
001 0205511
005 20220505131742.3
041 0 |a slo 
044 |a SK 
245 1 0 |a Môžeme ovplyvniť proces starnutia obyvateľstva na Slovensku?  |c Boris Vaňo 
520 |a Možný vývoj vekového zloženia obyvateľstva do roku 2060 v závislosti od rôznych scenárov reprodukčného správania obyvateľstva. 
610 2 0 |a starnutie populácie 
610 2 0 |a Slovensko 
610 2 0 |a pôrodnosť 
610 2 0 |a úmrtnosť 
610 2 0 |a vývoj populačný 
100 1 |a Vaňo, Boris